000 00496nam a22001577a 4500
008 130821s1851 xx gr eng
040 _aCo-BoUCM
_bspa
041 0 0 _aeng
100 _aBernardi, Santo
_9149711
245 0 0 _aDe consideratione, ad Eugenium Papam
_cBernardi Santo
260 _aVensontione
_bEd. Viduae C. Dais
_c1851
300 _a419 páginas
650 0 4 _aDevocionarios
_913119
942 _cLIBRO
_a17
_e1
_mB37D
_n0
_2DEWEY
_h782.145
999 _c85993
_d85993